000 00862nam a22002177a 4500
999 _c11778
_d11778
003 AR-CdUCM
008 190405b ||||| |||| 00| 0 spa d
040 _aMUNICIPALIDAD PROVINCIAL DEL CUSCO
_cBIBLIOTECA MUNICIPAL DEL CUSCO
082 _24ed.
_a232.96 /
_bS78 / 1836
100 _aStanihursto, R. P. G.
_929313
245 _aDios inmortal padeciendo en carne mortal o la pasión de cristo /
260 _aParís :
_bCasa de lecointe,
_c1836.
300 _a462 páginas ;
_c18 cm.
505 _aContenido: Cristo padeciendo en el huerto -- Cristo en casa de Anas -- Cristo en casa de Caifas -- Cristo en el concilio -- Cristo en el pretorio de Pilatos ...
650 _aReligión
_91195
650 _aMoral cristiana
_925405
650 _aInmortalidad
_924867
700 _aBerguizas, D. F. P. De
_929314
942 _2ddc
_cLIBROS
945 _aacv
_d05/04/2019